Les animaux de compagnies les plus populaires chez les hommes - Statistiques

Statistiques générales
  • Ce quiz a été pris 204 fois
  • Le résultat moyen est 4 sur 15
Statistiques - réponses
Classement Animaux % Correct
2 Chats
95%
1 Chiens
95%
3 Poissons
68%
4 Oiseaux
56%
5 Rongeurs
28%
6 Reptiles
25%
12 Marsupiaux
18%
10 Furets
12%
9 Amphibiens
8%
8 Équidés
5%
7 Arthropodes
2%
15 Mollusques
2%
13 Mustélidés
2%
11 Primates
2%
14 Chiroptères
1%
Aucun quiz correspondant
Distribution des résultats
% des personnes avec chaque résultat
Percentile par nombre de réponses
Votre historique - résultats
Vous n’avez pas pris ce quiz